Reforming Global Economic Governance (Record no. 26687)

MARC details
000 -LEADER
fixed length control field 02299nam a22001817a 4500
020 ## - INTERNATIONAL STANDARD BOOK NUMBER
ISBN 9780815363477
082 ## - DEWEY DECIMAL CLASSIFICATION NUMBER
Classification number 338.9
Item number MON-R
100 ## - MAIN ENTRY--AUTHOR NAME
Personal name Monticelli,Carlo
245 ## - TITLE STATEMENT
Title Reforming Global Economic Governance
Sub Title : An Unsettled Order
250 ## - EDITION STATEMENT
Edition statement 1st Ed.
260 ## - PUBLICATION, DISTRIBUTION, ETC. (IMPRINT)
Place of publication New York
Name of publisher Routledge taylor & francis group London and New York
Year of publication 2019
300 ## - PHYSICAL DESCRIPTION
Number of Pages xvi,243p.
440 ## - SERIES STATEMENT/ADDED ENTRY--TITLE
Title Econmics in the Real World
500 ## - GENERAL NOTE
General note Includes refrences & index
520 ## - SUMMARY, ETC.
Summary, etc The architecture of global economic and financial governance has undergone a deep and pervasive reform in the last ten years, radically transforming international institutions and groups, such as the International Monetary Fund, the G7, and the G20. This book investigates the new, unsettled order which is now prevailing, driven by the change in the balance of power between advanced economies and key emerging market economies. Bringing together multiple strands of analysis, traditionally kept separate, Reforming Global Economic Governance: An Unsettled Order particularly explores the role of Europe within this changing world. The book documents and examines a broad range of events, building on methods from economics and other disciplines, as well as on the insights from the author’s personal involvement. This innovative approach allows the reader to ascertain the defining features of the reform: the increasing fragmentation of governance; the interconnectedness of its different elements; and the strong concern for inclusiveness. Furthermore, it presents analyses highlighting the controversial nature of the new order which underpins the current policy debate on international economic relations, including the resurgence of nationalism and trade conflicts. Through these explorations, this engaging book has direct relevance for the future prospects of international economic affairs. Offering a comprehensive view of these issues, this accessible text will appeal to scholars, insiders, and the general reader. Its detailed and thorough analyses will also be of great use to those studying economics, international political economy, and international relations.
650 ## - SUBJECT ADDED ENTRY--TOPICAL TERM
Topical Term International finance--Law and legislation
Form subdivision Economic development--Finance
-- Economic policy--International cooperation
942 ## - ADDED ENTRY ELEMENTS (KOHA)
Source of classification or shelving scheme Dewey Decimal Classification
Koha item type Books
Holdings
Withdrawn status Lost status Damaged status Not for loan Home library Current library Date acquired Source of acquisition Cost, normal purchase price Full call number Accession Number Cost, replacement price Price effective from Koha item type
        NASSDOC Library NASSDOC Library 24/03/2021 Overseas Press India Private Limited 2489.75 338.9 MON-R 51430 3506.70 24/03/2021 Books